| 000 | 00562cam a22002291 4500 | ||
|---|---|---|---|
| 001 | sa 68015204 | ||
| 003 | DLC | ||
| 005 | 20260227112641.0 | ||
| 008 | 940527m19679999ii 000 0 sino | ||
| 010 | _asa 68015204 | ||
| 025 | _aPL480:C-486 | ||
| 035 | _a(OCoLC)30507624 | ||
| 040 |
_aDLC _cCU _dCU _dDLC |
||
| 042 | _apremarc | ||
| 050 | 0 | 0 |
_aHB180.S4 _bP45 |
| 100 | 1 |
_aPerera, B. C. _q(Bulathsinhalage Cyril), _d1938- |
|
| 245 | 1 | 0 | _aĀrthika vidyā lipi. |
| 260 | _c[1967- | ||
| 300 |
_av. _c19 cm. |
||
| 500 | _aIn Sinhalese. | ||
| 650 | 0 | _aEconomics. | |
| 999 |
_c86305 _d86305 |
||